La poesía de Jorge Guillén (Record no. 76853)

MARC details
000 -LEADER
campo de control de longitud fija 00658nam a2200193 i 4500
001 - NÚMERO DE CONTROL
campo de control 76853
003 - IDENTIFICADOR DE NÚMERO DE CONTROL
campo de control ES-MaACL
005 - FECHA Y HORA DE LA ÚLTIMA TRANSACCIÓN
campo de control 20240420063030.0
007 - CAMPO FIJO DE DESCRIPCIÓN FÍSICA--INFORMACIÓN GENERAL
campo de control de longitud fija t|
008 - DATOS DE LONGITUD FIJA--INFORMACIÓN GENERAL
campo de control de longitud fija 041005s1949 sp ||||1| spa d
100 1# - ENTRADA PRINCIPAL--NOMBRE DE PERSONA
Nombre de persona Gullón, Ricardo,
Fechas asociadas al nombre 1908-1991
9 (RLIN) 60938
245 13 - MENCIÓN DEL TÍTULO
Título La poesía de Jorge Guillén
Resto del título : [En torno a Cántico] : (dos ensayos) /
Mención de responsabilidad, etc. Ricardo Gullón y José Manuel Blecua.
260 ## - PUBLICACIÓN, DISTRIBUCIÓN, ETC.
Lugar de publicación, distribución, etc. Zaragoza :
Nombre del editor, distribuidor, etc. Heraldo de Aragón,
Fecha de publicación, distribución, etc. 1949.
300 ## - DESCRIPCIÓN FÍSICA
Extensión 315 p. ;
Dimensiones 18 cm.
600 17 - PUNTO DE ACCESO ADICIONAL DE MATERIA--NOMBRE DE PERSONA
Nombre de persona Guillén, Jorge,
Fechas asociadas al nombre 1893-1984.
Subdivisión de forma Cántico
Fuente del encabezamiento o término
9 (RLIN) 163783
700 0# - ENTRADA AGREGADA--NOMBRE PERSONAL
Nombre de persona Blecua, José Manuel.
9 (RLIN) 29459
852 ## - LOCALIZACIÓN
Ubicación ES-MaACL
Número de control de estantería B-8476
Sublocalización o colección R.29411
Holdings
Estatus retirado Estado de pérdida Estado de daño No para préstamo Biblioteca de origen Biblioteca actual Ubicación en estantería Fecha de adquisición Fuente de adquisición Total de préstamos Signatura topográfica completa Código de barras Visto por última vez Precio de reemplazo Tipo de ítem Koha
        Biblioteca del Ateneo de Madrid Biblioteca del Ateneo de Madrid Sala Pardo Bazán 17/01/2008     B-8476 1080418 23/02/2023 23/02/2023 Libro impreso